000 00344nam a2200145Ia 4500
008 230718s9999 xx 000 0 und d
041 _aEng.
082 _a340
_bALI-P
100 _aAli,Ch Zulfiqar
245 0 _aPakistan law journal (2008)
260 _aPakistan
_bAll Legal Decision
_c2008
300 _a59200
650 _aLaw
999 _c27476
_d27476